[Event "London Classic FIDE Open"]
[Site "London ENG"]
[Date "2011.12.05"]
[Round "3"]
[White "Lee, Kai Jie Edward"]
[Black "Alfred, Nathan S W"]
[Result "0-1"]
[BlackTitle "FM"]
[WhiteElo "2003"]
[BlackElo "2294"]
[WhiteFideId "5802920"]
[BlackFideId "407739"]
[EventDate "2011.12.03"]

1. e4 g6 2. d4 Bg7 3. c4 d6 4. Nc3 Nf6 5. f3 O-O 6. Be3 c5 7. Nge2 Nc6 8. Qd2 a6
9. Rc1 Qa5 10. a3 Nd7 11. d5 Nce5 12. Ng3 b5 13. cxb5 c4 14. f4 Nd3+ 15. Bxd3
cxd3 16. Qxd3 axb5 17. O-O b4 18. axb4 Qxb4 19. Qd2 Nc5 20. Bxc5 Qxc5+ 21. Kh1
Ba6 22. Rfe1 Rab8 23. e5 Qb4 24. Rc2 dxe5 25. fxe5 Rfd8 26. Qe3 Bc4 27. Rd2 Qb3
28. d6 exd6 29. exd6 Be6 30. Nge4 Qb6 31. Qf4 Qb4 32. Qg3 Ra8 33. Qh4 Kh8 34.
Qf2 Ra5 35. Red1 Rh5 36. Ng3 Rh4 37. d7 Qg4 38. Qb6 Bf6 39. Nce4 Be7 40. Qd4+ f6
41. Qa7 Kg8 42. Qc7 f5 43. Nc5 f4 44. Nf1 f3 45. g3 f2 46. Kg2 Rf8 47. Qb6 Rxh2+
48. Nxh2 Qh3+ 49. Kh1 f1=R+ 0-1

[Event "London Classic FIDE Open"]
[Site "London ENG"]
[Date "2011.12.05"]
[Round "3"]
[White "Prosviriakov, Vladimir"]
[Black "Guiot, Jerome"]
[Result "1/2-1/2"]
[WhiteTitle "IM"]
[WhiteElo "2274"]
[BlackElo "2100"]
[WhiteFideId "2004860"]
[BlackFideId "609765"]
[EventDate "2011.12.03"]

1. d4 Nf6 2. Nf3 d5 3. c4 c6 4. Nc3 dxc4 5. a4 Bf5 6. e3 e6 7. Bxc4 Bb4 8. O-O
O-O 9. Qe2 Bg6 10. Rd1 Nbd7 11. Ne5 Qa5 12. Nxg6 hxg6 13. e4 e5 14. d5 Rfd8 15.
dxc6 bxc6 16. Bg5 Rab8 17. Ba2 Nf8 18. Rxd8 Qxd8 19. Rd1 Qe8 20. Be3 a5 21. f3
Ne6 22. Qc4 Rd8 23. Rxd8 Nxd8 24. Ne2 Qd7 25. Bb3 Ne6 26. h3 Qd6 27. Kh2 Bc5 28.
Bc1 Bb4 29. Be3 Bc5 1/2-1/2

[Event "London Classic FIDE Open"]
[Site "London ENG"]
[Date "2011.12.05"]
[Round "3"]
[White "Osborne, Marcus E"]
[Black "Svaralova, Monika"]
[Result "1-0"]
[WhiteElo "2246"]
[BlackElo "2025"]
[WhiteFideId "404608"]
[BlackFideId "14927420"]
[EventDate "2011.12.03"]

1. d4 Nf6 2. c4 e6 3. Nc3 Bb4 4. Qc2 O-O 5. a3 Bxc3+ 6. Qxc3 b6 7. Bg5 Bb7 8. e3
d6 9. f3 Nbd7 10. Bd3 c5 11. Ne2 Qc7 12. O-O e5 13. dxe5 dxe5 14. Ng3 h6 15. Bh4
g5 16. Nf5 gxh4 17. Qe1 e4 18. f4 Kh8 19. Qxh4 Nh7 20. Qxh6 Rg8 21. Be2 Nf6 22.
Rad1 Rg6 23. Qh4 Rag8 24. g3 Bc8 25. Nh6 R8g7 26. f5 Rg5 27. Qf4 Qc6 28. Rd8+
Ne8 29. f6 R7g6 30. Nxf7+ Kg8 31. Nh6+ Rxh6 32. f7+ Kg7 33. f8=Q+ Nxf8 34. Qxf8+
Kh7 35. Rxe8 Be6 36. Qh8+ 1-0

[Event "London Classic FIDE Open"]
[Site "London ENG"]
[Date "2011.12.05"]
[Round "3"]
[White "Stone, Andrew M"]
[Black "Andreev, Peter"]
[Result "1/2-1/2"]
[WhiteElo "2234"]
[BlackElo "1914"]
[WhiteFideId "404985"]
[BlackFideId "406350"]
[EventDate "2011.12.03"]

1. c4 Nf6 2. g3 g6 3. Bg2 Bg7 4. Nc3 O-O 5. e4 c5 6. Nge2 Nc6 7. d3 Ne8 8. Be3
d6 9. O-O Nc7 10. d4 cxd4 11. Nxd4 Ne6 12. Nde2 Ne5 13. b3 a5 14. a4 Nc5 15. Ra2
Qb6 16. Nb5 Bd7 17. h3 Bxb5 18. axb5 Qc7 19. Bd4 Ned3 20. Bxg7 Kxg7 21. Rd2 Nb4
22. Qa1+ Kg8 23. Qc3 Ne6 24. Kh2 Qc5 25. f4 a4 26. f5 Ng7 27. bxa4 Rxa4 28. Qb3
Rfa8 29. Rb2 Ne8 30. Nc1 Qe5 31. fxg6 hxg6 32. c5 Nf6 33. cxd6 Qxd6 34. Qc3 Nd7
35. e5 Qxe5 36. Qxe5 Nxe5 37. Rf4 Nbd3 38. Nxd3 Nxd3 39. Rxa4 Rxa4 40. Re2 Rb4
41. Rxe7 Rxb5 42. Rxb7 Rxb7 43. Bxb7 1/2-1/2

[Event "London Classic FIDE Open"]
[Site "London ENG"]
[Date "2011.12.05"]
[Round "3"]
[White "Player, Edmund C"]
[Black "Tortorella, Giancarlo"]
[Result "1-0"]
[WhiteElo "2199"]
[BlackElo "1766"]
[WhiteFideId "406520"]
[BlackFideId "824909"]
[EventDate "2011.12.03"]

1. e4 e5 2. Nc3 Nc6 3. Nf3 Nf6 4. g3 Bc5 5. Bg2 d6 6. d3 a6 7. O-O h6 8. Nd5 Be6
9. Ne1 Bxd5 10. exd5 Ne7 11. c4 O-O 12. Nc2 a5 13. Kh1 Rb8 14. Bd2 b5 15. b3 b4
16. f4 exf4 17. d4 Bb6 18. Bxf4 Ng6 19. Be3 Re8 20. Qd3 Ng4 21. Bd2 Qd7 22. h3
N6e5 23. Qe2 Ng6 24. Qxg4 Qxg4 25. hxg4 Re2 26. Rad1 Rbe8 27. Bf3 R2e7 1-0

[Event "London Classic FIDE Open"]
[Site "London ENG"]
[Date "2011.12.05"]
[Round "3"]
[White "Gant, Chris J"]
[Black "Cetens, Edward"]
[Result "1/2-1/2"]
[WhiteTitle "FM"]
[WhiteElo "2194"]
[BlackElo "1708"]
[WhiteFideId "403946"]
[BlackFideId "360465"]
[EventDate "2011.12.03"]

1. Nf3 c5 2. g3 g6 3. Bg2 Bg7 4. d4 cxd4 5. Nxd4 Nc6 6. Nb3 Nf6 7. O-O O-O 8. c4
d6 9. Nc3 Be6 10. Nd5 a5 11. Be3 Ra6 12. h3 a4 13. Nd2 Bf5 14. Bg5 Nxd5 15. cxd5
Na5 16. g4 Bd7 17. Rb1 h6 18. Be3 f5 19. Nf3 fxg4 20. hxg4 Bxg4 21. Bd4 Bxf3 22.
Bxf3 Nc4 23. Bxg7 Kxg7 24. Qd4+ Ne5 25. Bg2 Kh7 26. Rbc1 Qb6 27. Qh4 Rf7 28. Rc3
Ra8 29. Rh3 h5 30. Be4 Kg7 31. e3 Rh8 32. Qg5 Qb4 33. f3 h4 34. Qg2 Rf6 35. f4
Nc4 36. a3 Qd2 37. Rf2 Qe1+ 38. Rf1 Qd2 1/2-1/2

[Event "London Classic FIDE Open"]
[Site "London ENG"]
[Date "2011.12.05"]
[Round "3"]
[White "Smith, Andrew Philip"]
[Black "Sigurdsson, Birkir Karl"]
[Result "1-0"]
[WhiteTitle "FM"]
[WhiteElo "2167"]
[BlackElo "1649"]
[WhiteFideId "2500833"]
[BlackFideId "2304180"]
[EventDate "2011.12.03"]

1. e4 e5 2. d4 exd4 3. Qxd4 Nc6 4. Qe3 Nf6 5. Nc3 Bb4 6. Bd2 O-O 7. O-O-O Re8 8.
Bc4 a6 9. a3 Ba5 10. Nh3 d6 11. Ng5 Ne5 12. Bb3 Be6 13. Nxe6 fxe6 14. f4 Bb6 15.
Qe2 Nc6 16. Be3 Bxe3+ 17. Qxe3 Qe7 18. Qf3 Kh8 19. g4 e5 20. g5 Ng8 21. Nd5 Qd8
22. h4 Nd4 23. Rxd4 exd4 24. f5 c6 25. Nf4 Qe7 26. Qh5 Nh6 27. gxh6 Qxe4 28.
hxg7+ Kxg7 29. Qg5+ Kf8 30. Qf6# 1-0

[Event "London Classic FIDE Open"]
[Site "London ENG"]
[Date "2011.12.05"]
[Round "3"]
[White "Fransson, Angelina"]
[Black "Karthikeyan, Murali"]
[Result "0-1"]
[WhiteElo "1940"]
[BlackElo "2154"]
[WhiteFideId "1712632"]
[BlackFideId "5074452"]
[EventDate "2011.12.03"]

1. e4 c5 2. d3 Nc6 3. g3 g6 4. Bg2 Bg7 5. f4 d6 6. Nf3 e6 7. O-O Nge7 8. c3 O-O
9. Be3 f5 10. Nbd2 b6 11. Re1 Qc7 12. Bf2 h6 13. Nc4 Kh7 14. Qd2 b5 15. Ne3 Bb7
16. h3 Rae8 17. Nf1 fxe4 18. dxe4 e5 19. Rad1 Rd8 20. fxe5 Nxe5 21. Nxe5 Bxe5
22. Ne3 Ng8 23. Qe2 Nf6 24. Nd5 Bxd5 25. exd5 Nh5 26. Rd3 Qg7 27. Be4 Kh8 28.
Kg2 Rf7 29. Rf3 Nf6 30. Qd3 Kh7 31. Rf1 c4 32. Qc2 Nxe4 33. Rxf7 Qxf7 34. Qxe4
Rf8 35. h4 h5 36. Kg1 Bxg3 37. Bxg3 Qxf1+ 38. Kh2 Qf7 39. b3 Re8 40. Qg2 Qf6 41.
bxc4 bxc4 0-1

[Event "London Classic FIDE Open"]
[Site "London ENG"]
[Date "2011.12.05"]
[Round "3"]
[White "Mikalsen, Erlend"]
[Black "Tikkanen, Hans"]
[Result "0-1"]
[BlackTitle "GM"]
[WhiteElo "2063"]
[BlackElo "2586"]
[WhiteFideId "1507338"]
[BlackFideId "1706446"]
[EventDate "2011.12.03"]

1. e4 e6 2. d4 d5 3. Nc3 Nf6 4. Bg5 Bb4 5. e5 h6 6. Bc1 Ne4 7. Qg4 g6 8. Ne2 c5
9. a3 Ba5 10. dxc5 Qc7 11. b4 Nxc3 12. Qf4 Ne4 13. f3 Nxc5 14. Qf6 Rh7 15. Nd4
Ncd7 16. Qf4 Qc3+ 0-1

[Event "London Classic FIDE Open"]
[Site "London ENG"]
[Date "2011.12.05"]
[Round "3"]
[White "Ruston, Mark R"]
[Black "Smith, Axel"]
[Result "0-1"]
[BlackTitle "IM"]
[WhiteElo "2061"]
[BlackElo "2480"]
[WhiteFideId "410020"]
[BlackFideId "1707930"]
[EventDate "2011.12.03"]

1. e4 c5 2. Nc3 a6 3. g3 b5 4. Bg2 Bb7 5. d3 e6 6. Nf3 d6 7. O-O Be7 8. Re1 Nf6
9. Bf4 Nbd7 10. e5 dxe5 11. Nxe5 Bxg2 12. Kxg2 Nxe5 13. Bxe5 O-O 14. Qf3 Nd7 15.
Bf4 Bf6 16. Rab1 Qb6 17. Ne4 Be7 18. h4 Rac8 19. h5 h6 20. Rbd1 Rfd8 21. g4 Qc6
22. g5 hxg5 23. Bxg5 Bxg5 24. Nxg5 Qxf3+ 25. Nxf3 Nf6 26. Rh1 Ng4 27. Rh4 Nh6
28. Ne5 Rd5 29. Re1 Rcd8 30. c3 R8d6 31. c4 bxc4 32. dxc4 Rd2 33. Rb1 Re2 34.
Nf3 Nf5 35. Rf4 Rb6 36. Rd1 0-1

[Event "London Classic FIDE Open"]
[Site "London ENG"]
[Date "2011.12.05"]
[Round "3"]
[White "Cox, John J"]
[Black "Varnam, Liam D"]
[Result "1-0"]
[WhiteTitle "IM"]
[WhiteElo "2423"]
[BlackElo "2059"]
[WhiteFideId "401064"]
[BlackFideId "410950"]
[EventDate "2011.12.03"]

1. c4 e5 2. g3 Nc6 3. Nc3 f5 4. Nf3 Nf6 5. d4 e4 6. Nh4 g6 7. Bg5 Bg7 8. Qd2 O-O
9. f3 exf3 10. exf3 d6 11. Be2 Qd7 12. O-O-O Nd8 13. Ng2 Nf7 14. Be3 d5 15. Nf4
c6 16. Rhe1 b6 17. Kb1 Bb7 18. cxd5 Nxd5 19. Ncxd5 cxd5 20. Nd3 Rfe8 21. f4 Nd6
22. Ne5 Qe6 23. Qb4 Ne4 24. Bb5 Bxe5 25. dxe5 Red8 26. Ba4 Rac8 27. Bb3 Nc5 28.
Bxc5 Rxc5 29. Rd4 a5 30. Qd2 Kg7 31. a3 h6 32. Rd1 Bc6 33. Bc2 Rc8 34. b4 axb4
35. axb4 Rxc2 36. Qxc2 Bb5 37. Qa2 Bc4 38. Qa7+ Kg8 39. Qb7 Re8 40. Rxc4 dxc4
41. Rd6 Qf7 42. Qxf7+ Kxf7 43. Rf6+ Kg7 44. Rxb6 Rd8 45. Rb7+ Kf8 46. Kc2 Ra8
47. Kc3 Ra2 48. Kxc4 Rxh2 49. Kd5 1-0

[Event "London Classic FIDE Open"]
[Site "London ENG"]
[Date "2011.12.05"]
[Round "3"]
[White "Hassan, Abdullah"]
[Black "Warman, Simon M"]
[Result "1-0"]
[WhiteTitle "IM"]
[WhiteElo "2398"]
[BlackElo "2056"]
[WhiteFideId "9300481"]
[BlackFideId "408867"]
[EventDate "2011.12.03"]

1. d4 c5 2. d5 d6 3. e4 Nf6 4. Nc3 g6 5. Nf3 Bg7 6. h3 O-O 7. a4 e6 8. Be2 exd5
9. exd5 Na6 10. O-O Re8 11. Bg5 h6 12. Be3 Nb4 13. Qd2 Kh7 14. Rfd1 Bf5 15. Ne1
Ne4 16. Nxe4 Bxe4 17. Bc4 Re5 18. Bf4 Rh5 19. Qe2 Bxd5 20. c3 Qh4 21. cxb4 Bxg2
22. Nxg2 Qxh3 23. f3 Bd4+ 24. Rxd4 cxd4 25. Bxf7 Rd8 26. Qe7 Qd7 1-0

[Event "London Classic FIDE Open"]
[Site "London ENG"]
[Date "2011.12.05"]
[Round "3"]
[White "Kristinsson, Bjarni Jens"]
[Black "Rudd, Jack"]
[Result "1-0"]
[BlackTitle "IM"]
[WhiteElo "2045"]
[BlackElo "2290"]
[WhiteFideId "2302950"]
[BlackFideId "405736"]
[EventDate "2011.12.03"]

1. e4 d6 2. d4 g6 3. Nc3 Bg7 4. Be3 a6 5. Qd2 e6 6. O-O-O Nd7 7. f3 h6 8. g4 Ne7
9. Nge2 b5 10. Ng3 Bb7 11. Kb1 Nb6 12. Rg1 d5 13. exd5 exd5 14. a3 Nc4 15. Bxc4
bxc4 16. Na4 Kf8 17. Nc5 Bc6 18. f4 Qc8 19. f5 h5 20. Rdf1 h4 21. fxg6 hxg3 22.
Rxf7+ Kg8 23. Rxe7 gxh2 24. Rh1 c3 25. Qf2 Qf8 26. Rf7 Qd6 27. Rxg7+ Kxg7 28.
Qf7# 1-0

[Event "London Classic FIDE Open"]
[Site "London ENG"]
[Date "2011.12.05"]
[Round "3"]
[White "Shepley, Julien M"]
[Black "Sreeves, Clement"]
[Result "1/2-1/2"]
[WhiteElo "2043"]
[BlackElo "2247"]
[WhiteFideId "403210"]
[BlackFideId "2402564"]
[EventDate "2011.12.03"]

1. e4 c5 2. Na3 g6 3. c3 Bg7 4. Bc4 e6 5. Nf3 d5 6. exd5 exd5 7. Bb5+ Bd7 8. O-O
Ne7 9. d4 Bxb5 10. Nxb5 a6 11. Na3 b6 12. Be3 Nd7 13. Qd2 O-O 14. Bh6 Nf6 15.
Bxg7 Kxg7 16. Nc2 Qd6 17. Rad1 Ne4 18. Qc1 c4 19. Ne3 Rae8 20. Rfe1 b5 21. a4 f6
22. Qc2 Nc6 23. axb5 axb5 24. Ra1 Rf7 25. b3 Rfe7 26. bxc4 bxc4 27. Nh4 Kh8 28.
f3 Nc5 29. dxc5 Qxc5 30. Nxg6+ hxg6 31. Qxg6 Rxe3 1/2-1/2

[Event "London Classic FIDE Open"]
[Site "London ENG"]
[Date "2011.12.05"]
[Round "3"]
[White "Rendboe, John"]
[Black "Compton, Alistair"]
[Result "1-0"]
[WhiteTitle "FM"]
[WhiteElo "2242"]
[BlackElo "2024"]
[WhiteFideId "1403664"]
[BlackFideId "4300645"]
[EventDate "2011.12.03"]

1. c4 e6 2. Nf3 d5 3. g3 Nf6 4. Bg2 c5 5. O-O Be7 6. cxd5 exd5 7. d4 Nc6 8. dxc5
Bxc5 9. Bg5 O-O 10. Nc3 d4 11. Na4 Be7 12. Rc1 Bg4 13. Qb3 Ne4 14. Bf4 Nb4 15.
a3 Be6 16. Qd1 Nc6 17. Ne5 f5 18. Nxc6 bxc6 19. Rxc6 Qd5 20. Rc7 Bd8 21. Rc5 Qd7
22. Rc1 Bf6 23. Nc5 Nxc5 24. Bxa8 Nb3 25. Rc7 Qd8 26. Rxa7 g5 27. Bc7 Qc8 28.
Qc2 f4 29. Be4 h5 30. Bd5 Bxd5 31. Qg6+ 1-0

[Event "London Classic FIDE Open"]
[Site "London ENG"]
[Date "2011.12.05"]
[Round "3"]
[White "Hoegener, Claude"]
[Black "Arvola, Benjamin"]
[Result "0-1"]
[WhiteElo "2028"]
[BlackElo "2232"]
[WhiteFideId "4000978"]
[BlackFideId "1506536"]
[EventDate "2011.12.03"]

1. d4 e6 2. Nf3 Nf6 3. Bg5 Be7 4. Nbd2 h6 5. Bf4 O-O 6. g4 d6 7. Rg1 Nxg4 8. h3
e5 9. dxe5 dxe5 10. Nxe5 Nxe5 11. Bxe5 Bf6 12. Nf3 Bxe5 13. Qxd8 Bc3+ 14. Qd2
Bxd2+ 15. Nxd2 Nc6 16. O-O-O Be6 17. e3 Rfd8 18. Bg2 Bd5 19. Bxd5 Rxd5 20. Ne4
Rxd1+ 21. Rxd1 Rd8 22. Nc5 Rxd1+ 23. Kxd1 Nd8 24. Kd2 Kf8 25. e4 Ke7 26. Ke3 Kd6
27. Nd3 Ne6 28. f4 a5 29. f5 Nd8 30. c4 Nc6 31. a3 g6 32. c5+ Ke7 33. fxg6 fxg6
34. b4 Kf6 35. bxa5 g5 36. Kf3 h5 37. Nb4 Nxa5 38. Nd5+ Ke5 39. Nxc7 Nb3 40. Ne8
Nxc5 41. Ng7 h4 42. Nf5 Nxe4 43. Ne3 Kd4 44. Nc2+ Kc3 45. Ne1 Nf6 46. Ke3 Kb3
47. Nf3 Nh7 48. Kd4 Kxa3 0-1

[Event "London Classic FIDE Open"]
[Site "London ENG"]
[Date "2011.12.05"]
[Round "3"]
[White "Wood, Peter R"]
[Black "Ledger, Dave J"]
[Result "0-1"]
[BlackTitle "FM"]
[WhiteElo "2027"]
[BlackElo "2228"]
[WhiteFideId "422215"]
[BlackFideId "401986"]
[EventDate "2011.12.03"]

1. e4 e5 2. Bc4 Nf6 3. d3 Nc6 4. Nf3 Bc5 5. c3 d6 6. Bb3 a6 7. Nbd2 Ba7 8. Nf1
h6 9. Be3 O-O 10. Bxa7 Rxa7 11. Ne3 Be6 12. O-O Ra8 13. Re1 Ne7 14. Bc2 c6 15.
d4 Qc7 16. Qe2 Ng6 17. g3 Rfe8 18. dxe5 dxe5 19. a3 b5 20. c4 Nd7 21. b4 f6 22.
c5 a5 23. Nf5 Ra7 24. Nd2 Rea8 25. Bb3 Ndf8 26. Bxe6+ Nxe6 27. Nb3 axb4 28. axb4
Rxa1 29. Rxa1 Rxa1+ 30. Nxa1 Qa7 31. Nc2 Qa2 32. Qd3 Qb1+ 33. Kg2 Ngf4+ 0-1

[Event "London Classic FIDE Open"]
[Site "London ENG"]
[Date "2011.12.05"]
[Round "3"]
[White "Anderton, Matthew N"]
[Black "Wallis, Ian J"]
[Result "1/2-1/2"]
[WhiteElo "2227"]
[BlackElo "2003"]
[WhiteFideId "403237"]
[BlackFideId "468452"]
[EventDate "2011.12.03"]

1. e4 e5 2. Nf3 Nc6 3. Bb5 a6 4. Ba4 d6 5. c3 Bd7 6. O-O Nge7 7. d4 Ng6 8. d5
Nb8 9. Bxd7+ Nxd7 10. c4 Be7 11. Be3 O-O 12. Nc3 Nh4 13. Nxh4 Bxh4 14. f3 Bg5
15. Bf2 g6 16. b4 Be7 17. Qb3 Kh8 18. Na4 b6 19. Nb2 f5 20. Qc2 fxe4 21. fxe4
Nf6 22. Qe2 a5 23. a3 Qd7 24. h3 Nh5 25. Nd3 axb4 26. axb4 Ra4 27. Qc2 Rfa8 28.
Qxa4 Qxa4 29. Rxa4 Rxa4 30. Rb1 Ra3 31. Rd1 Bg5 32. c5 bxc5 33. bxc5 Kg7 34. Ne1
Be3 35. cxd6 cxd6 36. Rd3 Bxf2+ 37. Kxf2 Ra2+ 38. Kf3 Nf4 39. Re3 Kf6 40. h4 h6
41. Rb3 Ne2 42. Rb6 Nd4+ 43. Kg3 Re2 44. Nf3 Rxe4 45. Rxd6+ Kf5 46. h5 Rg4+ 1/2-1/2

[Event "London Classic FIDE Open"]
[Site "London ENG"]
[Date "2011.12.05"]
[Round "3"]
[White "Heaton, Paul"]
[Black "White, Michael J R"]
[Result "0-1"]
[BlackTitle "FM"]
[WhiteElo "2026"]
[BlackElo "2214"]
[WhiteFideId "411116"]
[BlackFideId "407380"]
[EventDate "2011.12.03"]

1. c4 Nf6 2. g3 g6 3. Bg2 d5 4. cxd5 Nxd5 5. Nc3 Nb6 6. Nf3 Bg7 7. O-O Nc6 8. d3
O-O 9. Be3 e5 10. Qd2 Re8 11. Ne4 Nd4 12. Nxd4 exd4 13. Bh6 Bh8 14. Rac1 c6 15.
Bf3 Nd5 16. h4 Be5 17. Kg2 f5 18. Nc5 b6 19. Nb3 Qd6 20. Rh1 Bd7 21. h5 Re6 22.
Bg5 Rf8 23. Rh4 f4 24. g4 gxh5 25. Rch1 h6 26. Rxh5 hxg5 27. Rxg5+ Rg6 28. Rhh5
Rxg5 29. Rxg5+ Kf7 30. Qc1 Bf6 31. Rh5 Rg8 32. Rh7+ Ke8 33. Qh1 Bxg4 34. Bxg4
Rxg4+ 35. Kf3 Rg5 36. Qh3 Ne7 37. Nd2 Qd7 38. Ne4 Qxh3+ 39. Rxh3 Rg6 40. Kxf4
Kd7 41. Rh7 Ke6 42. Ng3 Be5+ 43. Kf3 c5 44. Nh5 Rg5 45. Ke4 Nd5 46. Rh6+ Nf6+
47. Nxf6 Bxf6 48. f4 Rg2 49. Kf3 Rg1 50. Rh7 Bg7 51. Kf2 Rg6 52. Kf3 Kf6 53. Rh1
Rh6 54. Rg1 Rh3+ 55. Kg4 Re3 56. Rg2 b5 57. b3 a5 58. Kh5 Rh3+ 59. Kg4 Rh1 60.
Kf3 Bh6 61. Ke4 Ra1 62. Kd5 Bf8 63. e3 dxe3 64. Ke4 Re1 65. Rg8 Bd6 66. Kf3 e2
67. Kf2 Ra1 68. Kxe2 Bxf4 69. Kf3 Be5 70. Rg2 Ke6 71. Rc2 Kd5 72. Ke3 Bd4+ 73.
Kf4 Rf1+ 74. Kg3 Rd1 0-1

[Event "London Classic FIDE Open"]
[Site "London ENG"]
[Date "2011.12.05"]
[Round "3"]
[White "Thingstad, Even"]
[Black "Shweta, Gole"]
[Result "1-0"]
[WhiteElo "2213"]
[BlackElo "1999"]
[WhiteFideId "1506439"]
[BlackFideId "5068487"]
[EventDate "2011.12.03"]

1. d4 Nf6 2. c4 c5 3. d5 e6 4. Nc3 exd5 5. cxd5 d6 6. e4 g6 7. Nf3 Bg7 8. h3 O-O
9. Bd3 Re8 10. O-O Nbd7 11. Re1 a6 12. a4 h6 13. Bf4 Nf8 14. Bh2 g5 15. e5 dxe5
16. Nxe5 N8d7 17. Nc4 Rxe1+ 18. Qxe1 Nb6 19. Rd1 Nxc4 20. Bxc4 Bd7 21. d6 Qe8
22. Qd2 b5 23. Re1 Qb8 24. axb5 axb5 25. Nxb5 Bxb5 26. d7 Qb6 27. Bxb5 Qxb5 28.
d8=Q+ Rxd8 29. Qxd8+ Kh7 30. Be5 Qb4 31. Bc3 Qf4 32. Qd3+ Kg8 33. Qd8+ Kh7 34.
Qd3+ Kg8 35. Be5 Qb4 36. Ra1 Nh7 37. Ra8+ Nf8 38. Bc3 Qf4 39. g3 Qc7 40. Rd8
Bxc3 41. bxc3 Kg7 42. Qd5 Qe7 43. Rb8 Qe1+ 44. Kg2 Ne6 45. Rb7 Qe2 46. Qf3 Qxf3+
47. Kxf3 h5 48. Ke4 Kf6 49. Kd5 g4 50. h4 Kg6 51. Ke5 Nf8 52. Rc7 Ne6 53. Rc6
Kg7 54. Rxe6 fxe6 55. Kxe6 Kg6 56. c4 Kg7 57. Kd5 Kf6 58. Kxc5 Ke5 59. Kb6 Ke4
60. c5 Kf3 61. c6 Kxf2 62. c7 Kxg3 63. c8=Q 1-0

[Event "London Classic FIDE Open"]
[Site "London ENG"]
[Date "2011.12.05"]
[Round "3"]
[White "Cannon, Raymond C"]
[Black "Surendran, N."]
[Result "1/2-1/2"]
[WhiteElo "2024"]
[BlackElo "2207"]
[WhiteFideId "408018"]
[BlackFideId "5021243"]
[EventDate "2011.12.03"]

1. e4 c5 2. Nf3 d6 3. Nc3 a6 4. a4 Nf6 5. e5 dxe5 6. Nxe5 e6 7. Be2 Qc7 8. Nc4
Nbd7 9. Bf3 Rb8 10. a5 b5 11. axb6 Nxb6 12. Nxb6 Rxb6 13. O-O Bd6 14. h3 h5 15.
d4 cxd4 16. Qxd4 Rb4 17. Qe3 Bc5 18. Qe2 Bb7 19. Ra4 Ng4 20. Bxg4 Rxa4 21. Nxa4
hxg4 22. Qxg4 Bd6 23. Qxg7 Bh2+ 24. Kh1 Be5 25. Qg4 Qxc2 26. Nc3 Qd3 27. Kg1
Bxc3 28. bxc3 Qxc3 29. Qa4+ Bc6 30. Qg4 a5 31. Be3 Qd3 32. Bd4 Rh7 33. Qg8+ Kd7
34. Bb6 Bd5 35. Rc1 e5 36. Qc8+ Ke7 37. Qd8+ Ke6 38. Qc8+ Kf6 39. Qd8+ Kf5 40.
Be3 Qe4 41. Qg5+ Ke6 42. Rc7 f6 43. Qg8+ Kd6 44. Qd8+ Ke6 45. Qe8+ 1/2-1/2

[Event "London Classic FIDE Open"]
[Site "London ENG"]
[Date "2011.12.05"]
[Round "3"]
[White "Bryant, Jon"]
[Black "Jetzl, Joerg"]
[Result "0-1"]
[WhiteElo "2012"]
[BlackElo "2196"]
[WhiteFideId "416703"]
[BlackFideId "1601172"]
[EventDate "2011.12.03"]

1. d4 e6 2. c4 f5 3. g3 Nf6 4. Bg2 c6 5. Nf3 d5 6. O-O Bd6 7. Nc3 O-O 8. Qc2 Bd7
9. Rb1 Qe7 10. c5 Bc7 11. Bf4 Bxf4 12. gxf4 Be8 13. b4 Ne4 14. Ne5 Nd7 15. a4 a6
16. Rb3 Kh8 17. Rfb1 Rc8 18. b5 axb5 19. axb5 Nxe5 20. fxe5 Nxc3 21. Qxc3 cxb5
22. f4 b6 23. Rc1 bxc5 24. dxc5 Rc7 25. e3 Bd7 26. Qb4 Rfc8 27. Rbc3 h6 28. Bf1
Kh7 29. R1c2 Re8 30. Be2 Ra8 31. Ra3 Rxa3 32. Qxa3 Ra7 33. Qc3 Bc6 34. Rc1 Ra2
35. Rc2 Ra4 36. Qb3 Ra1+ 37. Bf1 Qa7 38. Kf2 Qa5 39. Qc3 b4 40. Qd3 b3 41. Rd2
Rxf1+ 0-1

[Event "London Classic FIDE Open"]
[Site "London ENG"]
[Date "2011.12.05"]
[Round "3"]
[White "O'Toole, George E"]
[Black "McKerracher, Douglas"]
[Result "0-1"]
[WhiteElo "2189"]
[BlackElo "1976"]
[WhiteFideId "412732"]
[BlackFideId "2401002"]
[EventDate "2011.12.03"]

1. e4 d5 2. exd5 Qxd5 3. Nf3 Nf6 4. d4 Bg4 5. Be2 c6 6. c4 Qd8 7. Nc3 e6 8. O-O
Be7 9. Bf4 Nbd7 10. h3 Bxf3 11. Bxf3 O-O 12. d5 cxd5 13. cxd5 e5 14. Bg3 Bd6 15.
Re1 a6 16. a4 Rc8 17. Bh4 Qb6 18. Re2 Rc4 19. g4 h6 20. Rc1 Rfc8 21. Rec2 Qb3
22. Be2 R4c5 23. Rd2 Qb4 24. Bd3 e4 25. Bb1 g5 26. Rd4 Qb6 27. a5 Qc7 28. Rc2
gxh4 29. Re2 Be5 0-1

[Event "London Classic FIDE Open"]
[Site "London ENG"]
[Date "2011.12.05"]
[Round "3"]
[White "Ethelontis, Alexandros N"]
[Black "Amato, Giampiero"]
[Result "1-0"]
[WhiteElo "2186"]
[BlackElo "1973"]
[WhiteFideId "405469"]
[BlackFideId "813303"]
[EventDate "2011.12.03"]

1. c4 c5 2. g3 g6 3. Bg2 Bg7 4. Nc3 Nc6 5. a3 e6 6. b4 cxb4 7. axb4 Nge7 8. Ba3
O-O 9. b5 Ne5 10. Qb3 Re8 11. d4 Ng4 12. Nf3 d6 13. O-O Qc7 14. Rac1 Bd7 15.
Rfd1 Nf6 16. Bb4 Rac8 17. Na4 Qb8 18. Qd3 Nf5 19. h3 h5 20. Bd2 Bf8 21. Qb3 Bg7
22. Nc3 Red8 23. Bf4 Ne8 24. e4 Ne7 25. e5 d5 26. cxd5 exd5 27. e6 Qa8 28. exd7
Rxd7 29. Ne5 1-0

[Event "London Classic FIDE Open"]
[Site "London ENG"]
[Date "2011.12.05"]
[Round "3"]
[White "Farrell, Neil"]
[Black "Phillips, Owen S"]
[Result "1-0"]
[WhiteElo "2181"]
[BlackElo "1959"]
[WhiteFideId "2400588"]
[BlackFideId "417882"]
[EventDate "2011.12.03"]

1. d4 d5 2. c4 e6 3. Nf3 c6 4. Qc2 f5 5. g3 Nf6 6. Bg2 Bd6 7. O-O O-O 8. Nc3
Nbd7 9. cxd5 Nxd5 10. e4 Nxc3 11. bxc3 fxe4 12. Ng5 Nf6 13. Nxe4 Nxe4 14. Bxe4
g6 15. Bh6 Rf5 16. Bxf5 gxf5 17. Qd2 Be7 18. Rfe1 Bf6 19. Rab1 b6 20. Bf4 Kf7
21. Qe2 Kg6 22. Be5 Bg5 23. g4 a5 24. c4 Ra7 25. h3 Rd7 26. f4 Bh4 27. Red1 Bb7
28. g5 h6 29. Bf6 Qg8 30. Rxb6 hxg5 31. fxg5 Qf7 32. Qe3 e5 33. d5 Qh7 34. Kh2
Qh5 35. Rf1 f4 36. Rxf4 Bxg5 37. Bxg5 exf4 38. Bxf4 Rf7 39. dxc6 Rxf4 40. cxb7+
Kf7 41. b8=Q 1-0